| 000 | 00926nam a2200205 i 4500 | ||
|---|---|---|---|
| 001 | 183606 | ||
| 003 | ES-MaACL | ||
| 005 | 20251122063142.0 | ||
| 008 | 140903s1901 sp |||| | spa d | ||
| 080 | _a929 Cervantes Saavedra, Miguel de | ||
| 100 | 1 |
_aRodríguez Marín, Francisco, _d1855-1943 _998634 |
|
| 245 | 1 | 0 |
_aCervantes estudió en Sevilla (1564-1565) / _cdiscurso leído por D. Francisco Rodríguez Marín, presidente del Ateneo y Sociedad de Excursiones, en la solemne inauguración del curso de 1900 a 1901. |
| 260 |
_aSevilla : _b[s.n.], _c1901 ( _fImp. de Francisco de P. Díaz) |
||
| 300 |
_a32 p. : _bfacs. ; _c21 cm. |
||
| 600 | 1 | 4 |
_aCervantes Saavedra, Miguel de, _d1547-1616- _xFamilia _937610 |
| 600 | 1 | 7 |
_aCervantes Saavedra, Miguel de, _d1547-1616- _xViviendas y lugares frecuentados _2 _9149609 |
| 710 | 2 |
_aAteneo de Sevilla. _92028 |
|
| 852 |
_aES-MaACL _jT-1012-F-4 |
||
| 999 |
_c183606 _d183606 |
||